000 00483nam a22001817a 4500
005 20230128125503.0
008 221220b |||||||| |||| 00| 0 eng d
020 _a819639-6-15-5
041 _aeng
082 _a615.3 KOK-P
100 _aKOKATE , C.K. ,PUROHIT , A.P., AND GOKHALE , S.B
_97416
245 _a TEXT BOOK OF PHARMACOGNOSY
250 _a57th ed.
260 _bNIRALI PRAKASHAN
_c2022
300 _a23.2;P.
650 _aPHARMACY
_xB.PHARMA
_97083
942 _cBK
999 _c8148
_d8146